[Event "EU-ch U18"]
[Site "Batumi"]
[Date "2010.09.27"]
[Round "8"]
[White "Dilanyan, Grigor"]
[Black "Khurtsidze, Tornike"]
[Result "1-0"]
[WhiteElo "2245"]
[BlackElo "2010"]
[PlyCount "49"]
[EventDate "2010.09.20"]
[EventType "swiss"]
[EventRounds "9"]
[EventCountry "GEO"]
[SourceTitle "CBM 138 Extra"]
[Source "ChessBase"]
[SourceDate "2010.10.29"]
[SourceVersion "1"]
[SourceVersionDate "2010.10.29"]
[SourceQuality "1"]

1. d4 d5 2. Nf3 Nf6 3. g3 e6 4. Bg2 Be7 5. 0-0 0-0 6. c4 dxc4 7. Qc2 a6 8. a4 Bd7 9. Qxc4 Bc6 10. Bf4 b5 11. Qc2 Bd6 12. Bg5 h6 13. Bxf6 Qxf6 14. Nc3 b4 15. Ne4 Qe7 16. Rfc1 a5 17. Nfd2 Bd5 18. Nxd6 cxd6 19. e4 Bc6 20. Nc4 e5 21. Qd2 Ra7 22. Qe3 f6 23. d5 Ba8 24. Nxd6 Rd7 25. Nc4 1-0

[Event "EU-ch U18"]
[Site "Batumi"]
[Date "2010.09.24"]
[Round "6"]
[White "Gorduladze, Giorgi"]
[Black "Khurtsidze, Tornike"]
[Result "1/2-1/2"]
[WhiteElo "1809"]
[BlackElo "2010"]
[PlyCount "72"]
[EventDate "2010.09.20"]
[EventType "swiss"]
[EventRounds "9"]
[EventCountry "GEO"]
[SourceTitle "CBM 138 Extra"]
[Source "ChessBase"]
[SourceDate "2010.10.29"]
[SourceVersion "1"]
[SourceVersionDate "2010.10.29"]
[SourceQuality "1"]

1. d4 d5 2. Nf3 Nf6 3. Bf4 e6 4. e3 Bd6 5. Bg3 Bxg3 6. hxg3 Qd6 7. a3 Nbd7 8. c4 c6 9. Nc3 h6 10. b4 0-0 11. c5 Qc7 12. Be2 e5 13. dxe5 Nxe5 14. Nxe5 Qxe5 15. Qd4 Qxd4 16. exd4 Re8 17. f3 Bf5 18. Kf2 Re7 19. Rhe1 Rae8 20. Bf1 g5 21. Rxe7 Rxe7 22. Re1 Kf8 23. Rxe7 Kxe7 24. g4 Bc2 25. a4 Nd7 26. b5 Nb8 27. a5 Kd7 28. Ke3 Bg6 29. b6 a6 30. Ne2 Ke6 31. Ng3 f5 32. Nxf5 Bxf5 33. gxf5+ Kxf5 34. Bd3+ Kf6 35. g4 Nd7 36. Bf5 Ke7 1/2-1/2

[Event "Tbilisi Municipality Cup"]
[Site "Tbilisi"]
[Date "2009.06.15"]
[Round "1"]
[White "Melia, Salome"]
[Black "Khurtsidze, Tornike"]
[Result "1-0"]
[WhiteElo "2440"]
[BlackElo "1921"]
[PlyCount "51"]
[EventDate "2009.06.15"]
[EventType "swiss"]
[EventRounds "9"]
[EventCountry "GEO"]
[SourceTitle "CBM 130 Extra"]
[Source "ChessBase"]
[SourceDate "2009.07.02"]
[SourceVersion "2"]
[SourceVersionDate "2009.07.15"]
[SourceQuality "1"]

1. e4 c5 2. Nf3 d6 3. d4 cxd4 4. Nxd4 Nf6 5. Nc3 Nc6 6. Bg5 e6 7. Qd2 Be7 8. 0-0-0 Qa5 9. Nb3 Qb6 10. Be3 Qd8 11. f3 0-0 12. g4 a6 13. g5 Nd7 14. h4 b5 15. h5 Nde5 16. f4 Nc4 17. Bxc4 bxc4 18. Nd4 Nxd4 19. Qxd4 Qa5 20. h6 e5 21. Qd5 Qxd5 22. Nxd5 Bd8 23. hxg7 Kxg7 24. fxe5 Bg4 25. Rdg1 Bf3 26. Rh4 1-0